| 000 | 00503nam a2200217Ia 4500 | ||
|---|---|---|---|
| 003 | OSt | ||
| 005 | 20221007082238.0 | ||
| 006 | a|||||r|||| 00| 0 | ||
| 007 | ta | ||
| 008 | 221006b |||||||| |||| 00| 0 eng d | ||
| 024 | _a28,769 | ||
| 037 | _cTextual | ||
| 040 |
_aFLL _cFLL _beng |
||
| 041 |
_2eng _aeng |
||
| 082 | _aZQ2, L2;1 | ||
| 245 | 0 | _aTreatise on hindu law | |
| 260 | _c1972 | ||
| 300 |
_axxxvii,394p _ccm. |
||
| 942 |
_hZQ2, L2;1 _cTEXL _2CC |
||
| 999 |
_c1165811 _d1165811 |
||